Institution of Occupational Safety and Health (Record no. 119879)
[ view plain ]
| 000 -LEADER | |
|---|---|
| fixed length control field | 00673cam a2200181 4500 |
| 001 - CONTROL NUMBER | |
| control field | WS114598 |
| 008 - FIXED-LENGTH DATA ELEMENTS--GENERAL INFORMATION | |
| fixed length control field | 010917n 000 0 eng u |
| 035 ## - SYSTEM CONTROL NUMBER | |
| System control number | (Sirsi) u114598 |
| 110 ## - MAIN ENTRY--CORPORATE NAME | |
| Corporate name or jurisdiction name as entry element | Institution of Occupational Safety and Health |
| 9 (RLIN) | 4131 |
| 245 ## - TITLE STATEMENT | |
| Title | Institution of Occupational Safety and Health |
| 520 ## - SUMMARY, ETC. | |
| Summary, etc. | Web site for this organisation representing health and safety professionals. Inlcudes news pages and detailsof events. |
| 650 ## - SUBJECT ADDED ENTRY--TOPICAL TERM | |
| Topical term or geographic name entry element | ORGANISATION |
| 650 ## - SUBJECT ADDED ENTRY--TOPICAL TERM | |
| Topical term or geographic name entry element | DISCUSSION FORUM |
| 650 ## - SUBJECT ADDED ENTRY--TOPICAL TERM | |
| Topical term or geographic name entry element | OCCUPATIONAL HEALTH |
| 690 ## - LOCAL SUBJECT ADDED ENTRY--TOPICAL TERM (OCLC, RLIN) | |
| Topical term or geographic name as entry element | Health and safety |
| 9 (RLIN) | 6244 |
| 856 40 - ELECTRONIC LOCATION AND ACCESS | |
| Uniform Resource Identifier | <a href="https://www.iosh.co.uk">https://www.iosh.co.uk</a> |
| Public note | View the website free of charge at www.iosh.co.uk... |
| 942 ## - ADDED ENTRY ELEMENTS (KOHA) | |
| Suppress in OPAC | 0 |
| Withdrawn status | Lost status | Source of classification or shelving scheme | Damaged status | Not for loan | Home library | Current library | Shelving location | Date acquired | Total Checkouts | Full call number | Barcode | Date last seen | Copy number | Price effective from | Koha item type |
|---|---|---|---|---|---|---|---|---|---|---|---|---|---|---|---|
| Dewey Decimal Classification | Virtual | Virtual | Online | 17/09/2001 | WEB SITE | 114598-2001 | 06/08/2019 | 1 | 06/08/2019 | Online material |